[Event "POL-ch U18"]
[Site "Murzasichle"]
[Date "2011.03.12"]
[Round "9"]
[White "Wesolowski, Edgar"]
[Black "Lorek, Milosz"]
[Result "0-1"]
[WhiteElo "1916"]
[BlackElo "1996"]
[PlyCount "58"]
[EventDate "2011.03.05"]
[EventType "swiss"]
[EventRounds "9"]
[EventCountry "POL"]
[SourceTitle "EXT 2012"]
[Source "ChessBase"]
[SourceDate "2011.11.24"]
[SourceVersion "1"]
[SourceVersionDate "2011.11.24"]
[SourceQuality "1"]

1. c4 Nf6 2. Nc3 e6 3. e4 d5 4. cxd5 exd5 5. e5 d4 6. exf6 dxc3 7. Bb5+ c6 8. Qe2+ Be6 9. Bc4 Qxf6 10. Nf3 cxb2 11. Bxb2 Qxb2 12. 0-0 Qf6 13. Rae1 Be7 14. Bxe6 fxe6 15. Qc4 b5 16. Qb3 Na6 17. d4 Nc7 18. Ne5 Bd6 19. Qc2 c5 20. Qe4 0-0 21. Nd7 Qf4 22. Qxf4 Rxf4 23. dxc5 Bf8 24. Re5 Rd4 25. Nxf8 Rxf8 26. f3 Rf5 27. Rxf5 exf5 28. Re1 Kf7 29. Kf2 Rc4 0-1

[Event "POL-ch U18"]
[Site "Murzasichle"]
[Date "2011.03.11"]
[Round "8"]
[White "Lorek, Milosz"]
[Black "Reza, Wojciech"]
[Result "1/2-1/2"]
[WhiteElo "1996"]
[BlackElo "2043"]
[PlyCount "88"]
[EventDate "2011.03.05"]
[EventType "swiss"]
[EventRounds "9"]
[EventCountry "POL"]
[SourceTitle "EXT 2012"]
[Source "ChessBase"]
[SourceDate "2011.11.24"]
[SourceVersion "1"]
[SourceVersionDate "2011.11.24"]
[SourceQuality "1"]

1. e4 c5 2. Nf3 d6 3. d4 cxd4 4. Nxd4 Nf6 5. Nc3 a6 6. Be3 e6 7. g4 b5 8. g5 Nfd7 9. Qd2 Bb7 10. f3 Nb6 11. 0-0-0 N8d7 12. h4 Rc8 13. h5 Ne5 14. b3 Qc7 15. Nce2 d5 16. Bg2 dxe4 17. fxe4 Ba3+ 18. Kb1 0-0 19. Bf4 Qc5 20. g6 Rfd8 21. gxf7+ Nxf7 22. Bh3 e5 23. Bxc8 Nxc8 24. Bg5 Rd7 25. Be3 exd4 26. Bxd4 Qg5 27. Qc3 Bf8 28. Rdg1 Qh6 29. Rh4 b4 30. Qh3 Rc7 31. Qg3 Nfd6 32. Bb2 Re7 33. Bc1 Qe6 34. Nf4 Nxe4 35. Nxe6 Nxg3 36. Nxf8 Nf5 37. Rf4 Ncd6 38. Nxh7 Kxh7 39. Rxb4 Ne4 40. Rg6 Nc3+ 41. Kb2 Nd5 42. Rbg4 Nf6 43. Rg1 Nh4 44. R6g3 Nf5 1/2-1/2

[Event "Kochan Memorial op-B 20th"]
[Site "Koszalin"]
[Date "2009.08.10"]
[Round "5"]
[White "Sadzikowski, Marian"]
[Black "Lorek, Milosz"]
[Result "0-1"]
[WhiteElo "1908"]
[BlackElo "1990"]
[PlyCount "128"]
[EventDate "2009.08.06"]
[EventType "swiss"]
[EventRounds "9"]
[EventCountry "POL"]
[SourceTitle "CBM 132 Extra"]
[Source "ChessBase"]
[SourceDate "2009.11.03"]
[SourceVersion "1"]
[SourceVersionDate "2009.11.03"]
[SourceQuality "1"]

1. e4 e5 2. f4 Bc5 3. Nf3 d6 4. Bc4 Nf6 5. d3 Nc6 6. c3 0-0 7. b4 Bb6 8. Qb3 Qe7 9. Kd1 Ng4 10. Rf1 exf4 11. Bxf4 Be6 12. Nbd2 Be3 13. Bg3 Bh6 14. Bf2 Bxd2 15. Kxd2 Nxf2 16. Rxf2 Bxc4 17. Qxc4 Ne5 18. Nxe5 dxe5 19. Raf1 Rad8 20. Kc2 b6 21. g4 Qd7 22. b5 Rc8 23. Rf5 c6 24. Rxe5 cxb5 25. Qxb5 Qxg4 26. Ref5 g6 27. R5f2 Rc5 28. Qb3 Qd7 29. Kd2 Rb5 30. Qc4 Rc5 31. Qd4 Qe6 32. c4 Ra5 33. Kc3 Qe7 34. Kb2 Re5 35. a3 b5 36. Rc2 bxc4 37. Qxc4 Rb8+ 38. Ka2 Ra5 39. Rc3 Rab5 40. Rf2 Qb7 41. Rcc2 Rb3 42. e5 Qe7 43. Qxb3 Rxb3 44. Kxb3 Qxe5 45. Rfd2 Qd5+ 46. Rc4 Qb5+ 47. Rb4 Qd5+ 48. Kb2 Qg5 49. Kc2 Qc5+ 50. Kb3 Qd5+ 51. Kb2 g5 52. d4 g4 53. Rc2 h5 54. Kc3 h4 55. a4 a6 56. Rc4 Qf3+ 57. Kb4 g3 58. hxg3 hxg3 59. R4c3 Qg4 60. Rg2 Qxd4+ 61. Rc4 a5+ 62. Kb3 Qd3+ 63. Kb2 Qxc4 64. Rxg3+ Kf8 0-1

[Event "Kochan Memorial op-B 20th"]
[Site "Koszalin"]
[Date "2009.08.06"]
[Round "1"]
[White "Lorek, Milosz"]
[Black "Puszkarek, Kamil"]
[Result "1-0"]
[WhiteElo "1990"]
[BlackElo "1593"]
[PlyCount "40"]
[EventDate "2009.08.06"]
[EventType "swiss"]
[EventRounds "9"]
[EventCountry "POL"]
[SourceTitle "CBM 132 Extra"]
[Source "ChessBase"]
[SourceDate "2009.11.03"]
[SourceVersion "1"]
[SourceVersionDate "2009.11.03"]
[SourceQuality "1"]

1. e4 c5 2. Nf3 d6 3. d4 cxd4 4. Nxd4 Nf6 5. Nc3 a6 6. Be2 e6 7. g4 b5 8. g5 Nfd7 9. a3 Bb7 10. Be3 Be7 11. Rg1 Qc7 12. Qd2 Nb6 13. 0-0-0 N8d7 14. f4 0-0-0 15. Ndxb5 axb5 16. Nxb5 Qb8 17. Qa5 Bxe4 18. Na7+ Kc7 19. Rd4 d5 20. Qc3+ Kb7 1-0

[Event "Varna op 3rd"]
[Site "Varna"]
[Date "2009.06.17"]
[Round "7"]
[White "Dimitrov, Radoslav"]
[Black "Lorek, Milosz"]
[Result "1-0"]
[WhiteElo "2388"]
[BlackElo "1991"]
[PlyCount "141"]
[EventDate "2009.06.12"]
[EventType "swiss"]
[EventRounds "9"]
[EventCountry "BUL"]
[SourceTitle "CBM 130 Extra"]
[Source "ChessBase"]
[SourceDate "2009.07.02"]
[SourceVersion "2"]
[SourceVersionDate "2009.07.15"]
[SourceQuality "1"]

1. c4 Nf6 2. Nc3 e6 3. e4 d5 4. e5 d4 5. exf6 dxc3 6. bxc3 Qxf6 7. Nf3 e5 8. d4 exd4 9. Bg5 Qe6+ 10. Be2 f6 11. Nxd4 Qf7 12. Bh5 g6 13. Bg4 Bxg4 14. Qxg4 Nd7 15. Qe4+ Qe7 16. Qxe7+ Bxe7 17. Bf4 Ne5 18. Bxe5 fxe5 19. Nf3 Bd6 20. Nd2 0-0-0 21. Ne4 Be7 22. Ke2 Rd7 23. Rad1 Rxd1 24. Rxd1 Rd8 25. Rh1 Kd7 26. Rb1 b6 27. a4 Kc6 28. Rb5 Bc5 29. Nxc5 bxc5 30. Rb2 a6 31. f3 Kd7 32. Rd2+ Ke7 33. Rd5 Rxd5 34. cxd5 Kd6 35. c4 c6 36. dxc6 Kxc6 37. a5 Kd6 38. Ke3 Ke6 39. Ke4 Kd6 40. h3 Ke6 41. h4 Kd6 42. f4 exf4 43. Kxf4 Ke6 44. Kg5 Ke5 45. Kh6 Kd4 46. Kxh7 Kxc4 47. Kxg6 Kb4 48. h5 c4 49. h6 c3 50. h7 c2 51. h8Q c1Q 52. Qd4+ Kxa5 53. g4 Qc6+ 54. Qf6 Qe8+ 55. Qf7 Qc6+ 56. Kh7 Kb4 57. g5 Qh1+ 58. Kg8 a5 59. g6 a4 60. Qf4+ Kb3 61. Qe3+ Kb4 62. Qb6+ Kc4 63. g7 a3 64. Kf8 Qf3+ 65. Ke7 Qe4+ 66. Kf6 Qf4+ 67. Kg6 Qe4+ 68. Kf7 a2 69. Qa6+ Kb3 70. Qb5+ Kc2 71. Qc5+ 1-0

[Event "POL-ch U16"]
[Site "Chotowa"]
[Date "2009.04.03"]
[Round "9"]
[White "Lorek, Milosz"]
[Black "Grochulski, Grzegorz"]
[Result "1/2-1/2"]
[WhiteElo "1950"]
[BlackElo "1954"]
[PlyCount "81"]
[EventDate "2009.03.28"]
[EventType "swiss"]
[EventRounds "11"]
[EventCountry "POL"]
[SourceTitle "EXT 2011"]
[Source "ChessBase"]
[SourceDate "2010.11.26"]
[SourceVersion "1"]
[SourceVersionDate "2010.11.26"]
[SourceQuality "1"]

1. e4 e5 2. Nf3 Nc6 3. d4 exd4 4. Nxd4 Bc5 5. Be3 Qf6 6. c3 Nge7 7. Bc4 Ne5 8. Be2 d5 9. 0-0 0-0 10. f4 N5c6 11. e5 Qh4 12. Qd2 Bb6 13. Bf2 Qh6 14. a4 a5 15. Nb5 Nd8 16. N1a3 Bxf2+ 17. Rxf2 c6 18. Nd6 Nf5 19. Nxc8 Rxc8 20. Bg4 Qg6 21. Bxf5 Qxf5 22. c4 f6 23. Re1 Qd7 24. Qxa5 fxe5 25. fxe5 Rxf2 26. Kxf2 dxc4 27. Qc5 Qd2+ 28. Kf1 Ne6 29. Qe3 Rf8+ 30. Kg1 Qxb2 31. Nxc4 Qb4 32. Nd6 Qxa4 33. Nxb7 Qb4 34. Nd6 c5 35. Rc1 Qb2 36. Nc4 Qa2 37. Qd2 Qxd2 38. Nxd2 Ra8 39. Ne4 Ra5 40. Rc4 Kf7 41. Kf2 1/2-1/2

[Event "POL-ch U16"]
[Site "Chotowa"]
[Date "2009.04.01"]
[Round "7"]
[White "Lorek, Milosz"]
[Black "Ratajczyk, Rafal"]
[Result "1/2-1/2"]
[WhiteElo "1950"]
[BlackElo "1908"]
[PlyCount "97"]
[EventDate "2009.03.28"]
[EventType "swiss"]
[EventRounds "11"]
[EventCountry "POL"]
[SourceTitle "EXT 2011"]
[Source "ChessBase"]
[SourceDate "2010.11.26"]
[SourceVersion "1"]
[SourceVersionDate "2010.11.26"]
[SourceQuality "1"]

1. e4 c5 2. Nf3 e6 3. d4 cxd4 4. Nxd4 Nf6 5. Nc3 Nc6 6. Nxc6 bxc6 7. e5 Nd5 8. Nxd5 cxd5 9. Bd3 Ba6 10. 0-0 Bxd3 11. Qxd3 d6 12. Bf4 Be7 13. Qa6 dxe5 14. Qc6+ Kf8 15. Bxe5 Qc8 16. Qxc8+ Rxc8 17. c3 f6 18. Bd4 Bc5 19. Rfd1 Ke7 20. Kf1 a5 21. a4 Bxd4 22. Rxd4 Rc7 23. Re1 Rb8 24. Re2 Kd6 25. f4 e5 26. fxe5+ fxe5 27. Rd1 Ke6 28. Red2 Rd8 29. Rd3 Rb7 30. R1d2 Rf7+ 31. Kg1 Rf4 32. b3 Re4 33. Kf1 Rf8+ 34. Rf2 Rb8 35. Rfd2 Rxb3 36. Rxd5 Rxa4 37. c4 Rxc4 38. Rxa5 e4 39. Ke2 e3 40. Rd3 Rc2+ 41. Kxe3 Rxd3+ 42. Kxd3 Rxg2 43. Rh5 h6 44. Ke3 Kf6 45. Kf3 Ra2 46. Kg3 Kg6 47. Rb5 Ra3+ 48. Kg4 Ra4+ 49. Kg3 1/2-1/2

[Event "POL-ch U16"]
[Site "Chotowa"]
[Date "2009.04.01"]
[Round "6"]
[White "Swiech, Przemyslaw"]
[Black "Lorek, Milosz"]
[Result "1-0"]
[WhiteElo "2111"]
[BlackElo "1950"]
[PlyCount "69"]
[EventDate "2009.03.28"]
[EventType "swiss"]
[EventRounds "11"]
[EventCountry "POL"]
[SourceTitle "EXT 2011"]
[Source "ChessBase"]
[SourceDate "2010.11.26"]
[SourceVersion "1"]
[SourceVersionDate "2010.11.26"]
[SourceQuality "1"]

1. d4 Nf6 2. c4 e6 3. Nc3 Bb4 4. e3 0-0 5. Bd3 c5 6. a3 Bxc3+ 7. bxc3 Nc6 8. Ne2 b6 9. e4 Ne8 10. 0-0 Ba6 11. f4 f6 12. e5 f5 13. d5 Na5 14. d6 Bxc4 15. Bxc4 Nxc4 16. Qd3 b5 17. Be3 Nxe3 18. Qxe3 Qc8 19. a4 b4 20. cxb4 cxb4 21. a5 Qa6 22. Nd4 g6 23. Rfb1 Ng7 24. Qe2 Qxe2 25. Nxe2 Rfb8 26. Ra4 a6 27. Raxb4 Rxb4 28. Rxb4 Kf8 29. Rb7 Ke8 30. Nc3 Rc8 31. Rc7 Rb8 32. Ra7 Rc8 33. Ne2 Rc6 34. Ra8+ Kf7 35. Rd8 1-0

[Event "Krakow op-B 19th"]
[Site "Krakow"]
[Date "2008.12.31"]
[Round "6"]
[White "Pourramezanali, Amirreza"]
[Black "Lorek, Milosz"]
[Result "1-0"]
[WhiteElo "2077"]
[BlackElo "1928"]
[PlyCount "61"]
[EventDate "2008.12.26"]
[EventType "swiss"]
[EventRounds "9"]
[EventCountry "POL"]
[SourceTitle "CBM 128 Extra"]
[Source "ChessBase"]
[SourceDate "2009.03.05"]
[SourceVersion "2"]
[SourceVersionDate "2009.03.25"]
[SourceQuality "1"]

1. e4 e5 2. Nf3 Nc6 3. Bc4 Bc5 4. c3 Nf6 5. d3 d6 6. Nbd2 a6 7. Bb3 Ba7 8. h3 0-0 9. Nf1 h6 10. g4 d5 11. Qe2 Be6 12. g5 Nh5 13. gxh6 g6 14. Rg1 dxe4 15. dxe4 Bxb3 16. axb3 Nf4 17. Bxf4 exf4 18. h4 Qf6 19. h5 Rae8 20. 0-0-0 Ne5 21. N1h2 Kh7 22. Nxe5 Qxe5 23. Ng4 Qe6 24. Qc2 Kh8 25. e5 Re7 26. Nf6 Qxe5 27. hxg6 fxg6 28. Rxg6 Bxf2 29. Kb1 Qe3 30. Nd5 Qe2 31. Nxe7 1-0

[Event "Chrzanow 11th"]
[Site "Chrzanow"]
[Date "2008.09.15"]
[Round "9.4"]
[White "Lorek, Milosz"]
[Black "Marczuk, Dominik"]
[Result "1-0"]
[WhiteElo "1910"]
[BlackElo "1810"]
[PlyCount "67"]
[EventDate "2008.09.11"]
[EventType "tourn"]
[EventRounds "9"]
[EventCountry "POL"]
[SourceTitle "EXT 2023"]
[Source "ChessBase"]
[SourceDate "2022.10.05"]
[SourceVersion "1"]
[SourceVersionDate "2022.10.05"]
[SourceQuality "1"]

1. e4 c5 2. Nf3 d6 3. d4 cxd4 4. Nxd4 Nf6 5. Nc3 a6 6. Be2 e5 7. Nb3 Be7 8. Be3 0-0 9. f3 Be6 10. Nd5 Nxd5 11. exd5 Bf5 12. Qd2 Nd7 13. Na5 Qc7 14. c4 Bg6 15. 0-0 f5 16. b4 f4 17. Bf2 Rf5 18. Bd3 Rh5 19. Bxg6 hxg6 20. Rfd1 Kf7 21. c5 Rah8 22. h3 Bh4 23. cxd6 Bxf2+ 24. Qxf2 Qxd6 25. Nxb7 Qxb4 26. Rab1 Qe7 27. Rf1 Qg5 28. Nd6+ Kg8 29. Ne4 Qf5 30. Qa7 Nf8 31. Rb8 Kh7 32. Qxa6 g5 33. Qc8 Qxc8 34. Rxc8 1-0

[Event "Chrzanow 11th"]
[Site "Chrzanow"]
[Date "2008.09.15"]
[Round "8.2"]
[White "Swiech, Przemyslaw"]
[Black "Lorek, Milosz"]
[Result "1-0"]
[WhiteElo "2027"]
[BlackElo "1910"]
[PlyCount "43"]
[EventDate "2008.09.11"]
[EventType "tourn"]
[EventRounds "9"]
[EventCountry "POL"]
[SourceTitle "EXT 2023"]
[Source "ChessBase"]
[SourceDate "2022.10.05"]
[SourceVersion "1"]
[SourceVersionDate "2022.10.05"]
[SourceQuality "1"]

1. d4 Nf6 2. c4 e6 3. Nc3 Bb4 4. e3 0-0 5. Bd3 d5 6. a3 Bxc3+ 7. bxc3 e5 8. dxe5 dxc4 9. exf6 Qxd3 10. Qxd3 cxd3 11. fxg7 Kxg7 12. Bb2 c5 13. c4+ f6 14. Nf3 Nc6 15. g4 Kg6 16. Rg1 Na5 17. Nd2 Be6 18. f4 Nxc4 19. f5+ Kh6 20. Nxc4 Bxc4 21. Bxf6 Rfe8 22. Rg3 1-0

[Event "Chrzanow 11th"]
[Site "Chrzanow"]
[Date "2008.09.13"]
[Round "4.2"]
[White "Lorek, Milosz"]
[Black "Knapik, Andrzej2222"]
[Result "1-0"]
[WhiteElo "1910"]
[BlackElo "1713"]
[PlyCount "82"]
[EventDate "2008.09.11"]
[EventType "tourn"]
[EventRounds "9"]
[EventCountry "POL"]
[SourceTitle "EXT 2023"]
[Source "ChessBase"]
[SourceDate "2022.10.05"]
[SourceVersion "1"]
[SourceVersionDate "2022.10.05"]
[SourceQuality "1"]

1. e4 c5 2. Nf3 d6 3. d4 cxd4 4. Nxd4 Nf6 5. Nc3 a6 6. Be2 e5 7. Nb3 Be7 8. Be3 Be6 9. Nd5 Bxd5 10. exd5 0-0 11. 0-0 Nbd7 12. f3 Rc8 13. c4 Ne8 14. Qd2 f5 15. Na5 Rb8 16. b4 f4 17. Bf2 Bh4 18. Rac1 Bxf2+ 19. Rxf2 Qb6 20. Bd3 Nef6 21. Kh1 Nh5 22. Qe1 Rf6 23. h3 Ng3+ 24. Kh2 Re8 25. Rfc2 Qd4 26. Rd1 Qb6 27. Nb3 e4 28. Bxe4 Nxe4 29. Re2 Rg6 30. Nd4 Ndf6 31. fxe4 Rh6 32. Ne6 Ng4+ 33. Kh1 f3 34. gxf3 Rxh3+ 35. Kg2 Rh2+ 36. Kg3 Rxe2 37. Qxe2 Ne5 38. a3 Rc8 39. c5 Qb5 40. Qxb5 axb5 41. cxd6 Rc3 1-0

[Event "Polanica Zdroj op-A 44th"]
[Site "Polanica Zdroj"]
[Date "2008.08.20"]
[Round "2"]
[White "Lorek, Milosz"]
[Black "Dluzniewski, Marcin"]
[Result "1-0"]
[WhiteElo "1910"]
[BlackElo "2228"]
[PlyCount "71"]
[EventDate "2008.08.19"]
[EventType "swiss"]
[EventRounds "10"]
[EventCountry "POL"]
[SourceTitle "CBM 126 Extra"]
[Source "ChessBase"]
[SourceDate "2008.11.05"]
[SourceVersion "1"]
[SourceVersionDate "2008.11.05"]
[SourceQuality "1"]

1. e4 c6 2. d3 d5 3. Nd2 e5 4. Ngf3 f6 5. d4 Bg4 6. dxe5 fxe5 7. h3 Bh5 8. Qe2 Bxf3 9. Nxf3 dxe4 10. Qxe4 Nd7 11. Bc4 Ngf6 12. Qe2 Bd6 13. 0-0 Qe7 14. Ng5 Nb6 15. Bf7+ Kd7 16. Bb3 Rhe8 17. Rd1 Kc8 18. Ne4 Nxe4 19. Qxe4 g6 20. Be3 Kc7 21. Rd2 Bc5 22. Bxc5 Qxc5 23. Re1 Rad8 24. Rxd8 Kxd8 25. Qh4+ Qe7 26. Qe4 Qc5 27. Rd1+ Kc7 28. Rd2 Re7 29. Kh2 Nd7 30. f3 Nf6 31. Qh4 Nh5 32. c3 e4 33. fxe4 Qe5+ 34. Kg1 Ng3 35. Bc2 Rf7 36. Qd8# 1-0

[Event "POL-ch U16"]
[Site "Leba"]
[Date "2008.03.31"]
[Round "3"]
[White "Obrusnik, Michal"]
[Black "Lorek, Milosz"]
[Result "1-0"]
[WhiteElo "2029"]
[BlackElo "1835"]
[PlyCount "35"]
[EventDate "2008.03.29"]
[EventType "swiss"]
[EventRounds "11"]
[EventCountry "POL"]
[SourceTitle "CBM 123 Extra"]
[Source "ChessBase"]
[SourceDate "2008.05.06"]
[SourceVersion "1"]
[SourceVersionDate "2008.05.06"]
[SourceQuality "1"]

1. e4 e5 2. Nf3 Nc6 3. Nc3 Nf6 4. a3 Bc5 5. Nxe5 Bxf2+ 6. Kxf2 Nxe5 7. d4 Nc6 8. e5 Ng8 9. Bf4 g5 10. Bg3 Nh6 11. Qh5 Nf5 12. Bc4 0-0 13. Ne4 h6 14. h4 d5 15. Nf6+ Kh8 16. Bd3 Nce7 17. hxg5 c5 18. Qxh6+ 1-0

[Event "POL-ch U16"]
[Site "Leba"]
[Date "2008.03.30"]
[Round "2"]
[White "Lorek, Milosz"]
[Black "Karski, Lukasz"]
[Result "1/2-1/2"]
[WhiteElo "1835"]
[BlackElo "1980"]
[PlyCount "73"]
[EventDate "2008.03.29"]
[EventType "swiss"]
[EventRounds "11"]
[EventCountry "POL"]
[SourceTitle "CBM 123 Extra"]
[Source "ChessBase"]
[SourceDate "2008.05.06"]
[SourceVersion "1"]
[SourceVersionDate "2008.05.06"]
[SourceQuality "1"]

1. e4 e6 2. d4 d5 3. e5 c5 4. c3 Nc6 5. Nf3 Qb6 6. a3 c4 7. h4 Bd7 8. g3 Na5 9. Nbd2 Ne7 10. Bh3 h6 11. h5 0-0-0 12. 0-0 g6 13. Nh2 Bg7 14. hxg6 Nxg6 15. Qf3 Rdf8 16. Ng4 Qd8 17. Rb1 Ba4 18. Kh2 Bc2 19. Ra1 Bf5 20. Nf6 Bxh3 21. Kxh3 Bxf6 22. Qxf6 Qxf6 23. exf6 e5 24. b4 Nc6 25. Nf3 e4 26. Nh4 Nxh4 27. Kxh4 Re8 28. f3 e3 29. Re1 Re6 30. Rxe3 Rxf6 31. Bd2 Kd7 32. Rae1 a6 33. g4 Rg6 34. R3e2 f5 35. gxf5 Rf6 36. Re6 Rxf5 37. Kg4 1/2-1/2